| 000 | 00377 a2200121 4500 | ||
|---|---|---|---|
| 001 | ART_10133 | ||
| 005 | 20260410161848.0 | ||
| 008 | 260409a | ||
| 245 | 1 | 0 | _aAnálisis teórico de los efectos de la intermediación comercial |
| 100 | 1 | _aDi Tella, Guido | |
| 700 | 1 | _aBaccino, Osvaldo | |
| 773 | 0 |
_tEconómica _g- Año XV, Nº 1 (ene./abr. 1969) _wREV7541 |
|
| 999 |
_c24704 _d24704 |
||